|
|
|
|
| LEADER |
00000nam0a2200000 4500 |
| 001 |
115805 |
| 005 |
20231031122857.0 |
| 010 |
|
|
|a 5803303860
|
| 035 |
|
|
|a (RuTPU)RU\TPU\book\125273
|
| 090 |
|
|
|a 115805
|
| 100 |
|
|
|a 20070515d2006 km y0rusy50 ca
|
| 101 |
0 |
|
|a rus
|a eng
|
| 102 |
|
|
|a RU
|
| 105 |
|
|
|a y e 000zy
|
| 200 |
1 |
|
|a Английский разговорник и словарь
|
| 205 |
|
|
|a 4-е изд., испр.
|
| 210 |
|
|
|a Москва
|c Живой язык
|d 2006
|
| 215 |
|
|
|a 224 с.
|
| 225 |
1 |
|
|a Berlitz
|
| 333 |
|
|
|a Исключено из фонда НТБ ТПУ
|
| 801 |
|
1 |
|a RU
|b 63413507
|c 20070515
|g PSBO
|
| 801 |
|
2 |
|a RU
|b 63413507
|c 20220527
|g PSBO
|
| 942 |
|
|
|c BK
|
| 959 |
|
|
|a 40/20070515
|d 1
|e 87,12
|f ЧЗИЛ:1
|